Approaches to sociology : an introduction to major trends in British Sociology
Αποθηκεύτηκε σε:
| Άλλοι συγγραφείς: | |
|---|---|
| Μορφή: | Βιβλίο |
| Γλώσσα: | English |
| Δημοσίευση: |
London :
Routledge and Kegan Paul,
c1974
|
| Σειρά: | International library of sociology
|
| Θέματα: | |
| Ετικέτες: |
Προσθήκη ετικέτας
Δεν υπάρχουν, Καταχωρήστε ετικέτα πρώτοι!
|
MARC
| LEADER | 00000nam a2200000 i 4500 | ||
|---|---|---|---|
| 001 | 1/29965 | ||
| 008 | 960401s1974 eng d | ||
| 020 | |a 0-7100-7825-0 (pbk.) | ||
| 035 | |l 10023317 | ||
| 040 | |a GR-MY-UA |b gre |e aacr | ||
| 041 | 0 | |a eng | |
| 082 | 0 | |a 301 | |
| 245 | 1 | 0 | |a Approaches to sociology : |b an introduction to major trends in British Sociology |
| 260 | |a London : |b Routledge and Kegan Paul, |c c1974 | ||
| 300 | |a 302 σ. | ||
| 490 | 1 | |a International library of sociology | |
| 650 | 0 | 0 | |a Sociology |z Great Britain. |
| 700 | 1 | |a Rex, John. |4 edt | |
| 830 | 0 | |a International library of sociology | |
| 852 | |a INST |b CHIOS |e 19960401 |h 301 APR |p 005200006592 |q 005200006592 |t BK |y 0 | ||
| 909 | |a Χ |b 001602 | ||